| 000 | 00000nam##2200000za#4500 |
| 001 | 9.642698 |
| 003 | CaOODSP |
| 005 | 20240501092931 |
| 007 | cr ||||||||||| |
| 008 | 150407|2009||||xxc|||||o f|0| 0 fre|d |
| 040 | |aCaOODSP|bfre |
| 043 | |an-cn--- |
| 086 | 1 |aPS84-41/2009F-PDF |
| 110 | 2 |aService correctionnel Canada. |
| 245 | 10|aProgramme pilote de surveillance électronique (PPSE) |h[ressource électronique] |
| 260 | |aOttawa - Ontario : |bService correctionnel Canada |c[2009]. |
| 300 | |a1p. |
| 590 | |a14-03-Supp|b2014-01-17 |
| 691 | 07|aLibération conditionnelle|2gcpds |
| 691 | 07|aSurveillance électronique|2gcpds |
| 691 | 07|aSystème de positionnement par satellite GPS|2gcpds |
| 775 | 08|tElectronic Monitoring Program Pilot (EMPP) |w(CaOODSP)9.698648 |
| 856 | 40|ahttp://publications.gc.ca|qPDF|s3.10 Mo|uhttps://publications.gc.ca/collections/collection_2013/scc-csc/PS84-41-2009-fra.pdf |